000 00917nam a2200277 a 4500
999 _c6882
_d6882
001 1119628
003 GBCCL
005 20241126110614.0
008 931215s1965 miua 001 0 eng
010 _a 93244075
020 _a0310413907 (cloth)
020 _a0310257271 (paper)
040 _aDLC
_cDLC
050 0 0 _aBS491.2
_b.H355 1993
082 0 0 _a220.7
_220
_bHAL
100 1 _aHalley, Henry Hampton,
_d1874-1965.
_912300
245 1 0 _aHalley's Bible handbook :
_ban abbreviated Bible commentary /
_cby Henry H. Halley.
250 _aSpecial edition
260 _aGrand Rapids, Mich. :
_bZondervan Pub. House, Academic and Professional Books,
_c1964
300 _a854 p. (large print) :
_bill. ;
_c24 cm.
500 _aIncludes index.
630 0 0 _aBible
_xCommentaries.
_91243
906 _a7
_bcbc
_corignew
_d2
_encip
_f19
_gy-gencatlg
942 _2ddc
_cREF